000 00314nam a2200133Ia 4500
008 240624s9999 xx 000 0 und d
041 _aeng
082 _a823 JOS
100 _aJOSEPH MANU
245 _aSERIOUS MEN
260 _c2011
_aNew Delhi
_bHarperCollins
300 _a324 : p. : cm. ; 20
365 _cRS
_b25
999 _c18702
_d18702